Հոկտեմբեր : (Record no. 514089)
[ view plain ]
| 000 -LEADER | |
|---|---|
| fixed length control field | 00743nam a2200217 a 4500 |
| 001 - CONTROL NUMBER | |
| control field | 000323107 |
| 003 - CONTROL NUMBER IDENTIFIER | |
| control field | AM-YEHGA |
| 005 - DATE AND TIME OF LATEST TRANSACTION | |
| control field | 20250617163848.0 |
| 008 - FIXED-LENGTH DATA ELEMENTS--GENERAL INFORMATION | |
| fixed length control field | 040331s1927 ai 000 | arm d |
| 040 ## - CATALOGING SOURCE | |
| Original cataloging agency | AM-YeHGA |
| 041 0# - LANGUAGE CODE | |
| Language code of text/sound track or separate title | arm |
| 090 ## - LOCALLY ASSIGNED LC-TYPE CALL NUMBER (OCLC); LOCAL CALL NUMBER (RLIN) | |
| -- | 517611 |
| 245 00 - TITLE STATEMENT | |
| Title | Հոկտեմբեր : |
| Remainder of title | Հոդվածներ Վ.Ի. Լենինի, Ն. Բուխարինի յեվ Ի. Ստալինի / |
| Statement of responsibility, etc. | Կազմ.՝ Տաշկարով; Խմբ.՝ Բրոյդո. |
| 246 34 - VARYING FORM OF TITLE | |
| Title proper/short title | Հոկտեմբերը |
| 260 ## - PUBLICATION, DISTRIBUTION, ETC. | |
| Place of publication, distribution, etc. | Յերևան : |
| Name of publisher, distributor, etc. | Պետհրատ, |
| Date of publication, distribution, etc. | 1927. |
| 300 ## - PHYSICAL DESCRIPTION | |
| Extent | 96 էջ ; |
| Dimensions | 21 սմ. |
| 650 14 - SUBJECT ADDED ENTRY--TOPICAL TERM | |
| Topical term or geographic name entry element | Պատմություն |
| Active dates | 1917 |
| Geographic subdivision | Ռուսաստան |
| 700 1# - ADDED ENTRY--PERSONAL NAME | |
| Personal name | Տաշկարով |
| Relator term | կազմ. |
| Relationship | com |
| 700 1# - ADDED ENTRY--PERSONAL NAME | |
| Personal name | Բրոյդո |
| Relator term | խմբ. |
| Relationship | edt |
| 942 ## - ADDED ENTRY ELEMENTS (KOHA) | |
| Source of classification or shelving scheme | Universal Decimal Classification |
| Koha item type | Գրքեր / Books |
| Withdrawn status | Lost status | Damaged status | Not for loan | Collection | Home library | Current library | Date acquired | Total checkouts | Full call number | Barcode | Date last seen | Price effective from | Koha item type | Public note |
|---|---|---|---|---|---|---|---|---|---|---|---|---|---|---|
| Kusikian Individual Collection | Fundamental Scientific Library | Fundamental Scientific Library | 27/08/2021 | Կուս/3871 | FL0654307 | 27/08/2021 | 27/08/2021 | Գրքեր / Books | ILL Non Circ |
ՀՀ Գիտությունների ազգային ակադեմիայի հիմնարար գիտական գրադարան = Fundamental Scientific Library of NAS RA
All site content, except where otherwise noted, is licensed under a